| 000 | 01009cam a22002897a 4500 | ||
|---|---|---|---|
| 003 | CHAP | ||
| 005 | 20220329141329.0 | ||
| 008 | 971013s1988 r 00010 d | ||
| 010 | _a66501 | ||
| 011 | _a67473 | ||
| 035 | _a76943 | ||
| 040 | _cCHAP | ||
| 082 |
_a598.2 _bM4 |
||
| 110 | 2 |
_aMéxico. Dirección General de Conservación Ecológica de los Recursos Naturales _976966 |
|
| 245 | 1 | 0 | _aGuía de indentificación de especies de aves canoras y de ornato permitidas para su aprovechamiento |
| 260 |
_aMéxico, D. F. : _bLa Dirección, _c[1988?] |
||
| 300 |
_ac.a. 154 p. _b: ilus. |
||
| 500 | _a28-113 | ||
| 590 |
_aCONVERSION _b10 _c20130109 _lUCH01 _h1337 |
||
| 650 | 1 | 4 |
_aAves _98590 |
| 901 | _aBK | ||
| 942 | _cLIBRO | ||
| 949 |
_a598.2 M4 _bBC _cC _d-150924 _eC _fc.3 _h79703 _i76943 _si |
||
| 949 |
_a598.2 M4 _bBC _cC _d33724000366696 _eC _fc.4 _h79704 _i76943 _sb |
||
| 949 |
_a598.2 M4 _bBC _cC _d33724000516472 _eC _h74492 _i76943 _si |
||
| 949 |
_a598.2 M4 _bBC _cC _d33724000516498 _eC _fc.2 _h74493 _i76943 _si |
||
| 999 |
_c66501 _d66501 |
||